Amor inconcluso (Registro nro. 51295)

Detalles MARC
000 -ENCABEZADO
Número de control [NR] 01423nam a2200277Ia 4500
005 - FECHA Y HORA DE LA ÚLTIMA TRANSACCIÓN
control field 20140410171933.0
008 - DE LONGITUD FIJA DE DATOS DE ELEMENTOS - INFORMACIÓN GENERAL
Elementos de longitud fija [NR] 130821s1996 xx a gs mul
040 ## - FUENTE DE CATALOGACION [NR]
Agencia de catalogación original [NR] Co-BoUCM
Idioma de catalogación [NR] spa
041 00 - CODIGO DE IDIOMA [R]
Código de idioma para texto/pista de sonido o título separado [R] Español
-- Inglés
-- Portugués
-- Francés
092 ## - SIGNATURA TOPOGRAFICA LOCAL
Número de clasificación local DV 0170
245 10 - MENCION DE TITULO [NR]
Título [NR] Amor inconcluso
Mención de responsabilidad, etc. [NR] [DVD]
-- [dirigida por] Robert Greenwald
260 ## - PUBLICACION, DISTRIBUCION, ETC. (PIE DE IMPRENTA) [R]
Lugar de publicación, distribución, etc. [R] [Lugar desconocido]
Nombre del editor, distribuidor, etc. [R] Regency Enterprises
Fecha de publicación, distribución, etc. [R] 1996
300 ## - DESCRIPCION FISICA [R]
Extensión [R] 1 DVD
Otros detalles físicos [NR] son., color
500 ## - NOTA GENERAL [R]
Nota general [NR] SINOPSIS : Steve es un fotógrafo de Nueva York que mantiene una relación, que dura ya dos años, con Mónica, una profesora. Y, aunque ese período se sentían muy satisfechos, se dan cuenta de que ha llegado el momento de plantearse seriamente su futuro.
508 ## - NOTA DE CREDITOS DE CREACION/PRODUCCION [R]
Nota de créditos de creación/producción [NR] CREDITOS : Director, Robert Greenwald; Música, Mark Motherbaugh; Edición, Suzanne Hines; Fotografía, Mauro Fiore; Productor, George Moffly.
511 ## - NOTA DE PARTICIPANTE O INTERPRETE [R]
Nota de participante o intérprete [NR] Abraham Alvarez , Russell Crowe, Salma Hayek .
546 ## - NOTA DE IDIOMA [R]
Nota de idioma [NR] Audio en Inglés, Portugués y Español. Subtítulos en Español, Inglés, Portugués, Mandarín, Tailandés e Indonés.
650 04 - ASIENTO SECUNDARIO DE MATERIA - TERMINO TEMATICO [R]
Término temático o nombre geográfico como elemento de entrada [NR] Amor en el cine
Subdivisión de forma [R] DVD
9 (RLIN) 8920
650 04 - ASIENTO SECUNDARIO DE MATERIA - TERMINO TEMATICO [R]
Término temático o nombre geográfico como elemento de entrada [NR] Películas cinematográficas
Subdivisión geográfica [R] Estados Unidos
Subdivisión de forma [R] DVD
9 (RLIN) 7903
650 04 - ASIENTO SECUNDARIO DE MATERIA - TERMINO TEMATICO [R]
Término temático o nombre geográfico como elemento de entrada [NR] Sociología
9 (RLIN) 386
700 1# - ASIENTO SECUNDARIO - NOMBRE PERSONAL [R]
Nombre personal [NR] Greenwald, Robert
Término de relación [R]
710 2# - ASIENTO SECUNDARIO - NOMBRE CORPORATIVO [R]
Nombre corporativo o de jurisdicción como elemento de entrada [NR] Regency Enterprises
765 ## - ASIENTO DE IDIOMA ORIGINAL [R]
Título [NR] Breaking up.
856 04 - LOCALIZACION Y ACCESO ELECTRONICOS [R]
Identificador Uniforme del Recurso (“URI”) [R] <a href="https://www.youtube.com/watch?v=t1xZGNh5BP8">https://www.youtube.com/watch?v=t1xZGNh5BP8</a>
Nota dirigida al público [R] Siga este vínculo para ver el trailer.
942 ## - ELEMENTOS DE ENTRADA AGREGADOS (KOHA)
Tipo de ítem principal el descrito en 300a Multimedia
Sistema de clasificación LOCAL
Tema principal Sociología
Edición 1
Existencias
Fecha de último préstamo Total préstamos Total Renewals Código de barras Última vez visto Volúmen / Fascículo Ejemplar Price effective from Tipo de ítem Perdido Sistema de clasificación Dañado No prestable Tipo de ítem específico Suprimido Ubicación habitual Ubicación actual Localización Fecha de creación Forma de adquisición Costo
23/04/2015 49 3 100081799 10/12/2024 DVD 0170 Ej.2 03/02/2013 Multimedia   DEWEY     DVD   Claustro Claustro Colección digital 19/02/2013   26000.00
30/07/2016 9   100089683 10/12/2024 DVD 0170 Ej.4 03/02/2013 Multimedia   DEWEY     DVD   Claustro Claustro Colección digital 19/02/2013 Donación 26000.00
07/05/2012     100089682 04/12/2025 DVD 0170 Ej.3 03/02/2013 Multimedia   LOCAL   Préstamo restringido DVD   Procesos Técnicos Procesos Técnicos (no para préstamo) Procesos Técnicos 19/02/2013 Compra 19900.00
07/05/2012     100079906 04/12/2025 DVD 0170 Ej.1 03/02/2013 Multimedia   LOCAL   Préstamo restringido DVD   Procesos Técnicos Procesos Técnicos (no para préstamo) Procesos Técnicos 19/02/2013 Compra 34900.00